000
00205nam a2200109Ia 4500
100
_a
#N/A
942
_c
BK
654
_a
visual
245
_a
Visual Web Developer 2005
260
_b
#N/A
546
_a
ENGLISH
999
_c
33958
_d
33958